Healthy development : (Record no. 14917)

000 -LEADER
fixed length control field 00920cam a22002894a 4500
020 ## - INTERNATIONAL STANDARD BOOK NUMBER
ISBN 9780821371930 (pbk. : alk. paper)
020 ## - INTERNATIONAL STANDARD BOOK NUMBER
ISBN 0821371932 (pbk. : alk. paper)
020 ## - INTERNATIONAL STANDARD BOOK NUMBER
ISBN 9780821371947 (eISBN)
020 ## - INTERNATIONAL STANDARD BOOK NUMBER
ISBN 0821371940 (eISBN)
040 ## - CATALOGING SOURCE
Transcribing agency DLC
082 00 - DEWEY DECIMAL CLASSIFICATION NUMBER
Classification number 362 WOR 2007 A068 Or.
245 00 - TITLE STATEMENT
Title Healthy development :
Remainder of title the World Bank strategy for health, nutrition, & population results.
260 ## - PUBLICATION, DISTRIBUTION, ETC. (IMPRINT)
Place of publication Washington, DC :
Name of publisher World Bank,
Year of publication c2007.
300 ## - PHYSICAL DESCRIPTION
Number of Pages xix, 220 p. :
Other physical details col. ill. ;
Dimensions 24 cm.
650 #0 - SUBJECT ADDED ENTRY--TOPICAL TERM
Topical Term Public health
650 #0 - SUBJECT ADDED ENTRY--TOPICAL TERM
Topical Term Public health
650 #0 - SUBJECT ADDED ENTRY--TOPICAL TERM
Topical Term Nutrition policy
650 #0 - SUBJECT ADDED ENTRY--TOPICAL TERM
Topical Term Population assistance
650 12 - SUBJECT ADDED ENTRY--TOPICAL TERM
Topical Term Developing Countries.
650 12 - SUBJECT ADDED ENTRY--TOPICAL TERM
Topical Term Public Health.
650 22 - SUBJECT ADDED ENTRY--TOPICAL TERM
Topical Term Financial Support.
650 22 - SUBJECT ADDED ENTRY--TOPICAL TERM
Topical Term International Agencies.
650 22 - SUBJECT ADDED ENTRY--TOPICAL TERM
Topical Term Public Policy.
710 2# - ADDED ENTRY--CORPORATE NAME
Corporate name or jurisdiction name as entry element World Bank.
856 41 - ELECTRONIC LOCATION AND ACCESS
Uniform Resource Identifier http://www.loc.gov/catdir/toc/ecip0719/2007022159.html
942 ## - ADDED ENTRY ELEMENTS (KOHA)
Koha item type សៀវភៅភាសាអង់គ្លេស
952 ## - LOCATION AND ITEM INFORMATION (KOHA)
Withdrawn status [LOCAL, KOHA] 0
Holdings
Permanent Location Date acquired Koha item type Lost status Shelving location Barcode Current Location Full call number
Library Block A2017-11-01សៀវភៅភាសាអង់គ្លេស A068A08330Library Block A362 WOR 2007 A068 Or.
មជ្ឈមណ្ឌលឯការនៃសាកលវិទ្យាល័យភូមិន្ទកសិកម្មចំការដូង

Powered by Koha